00685nam a2200205Ia 4500001002200000003000900022008004100031040002300072041001300095100001900108245003200127250001500159260002600174300001900200490005000219501012400269520003500393700002000428700003100448194-PAS bl pe (17884)IT-MiSPE171229s9999||||xx |||||||||||||| ||und|| aIT-MiSPEcIT-MiSPE aITALIANO aBlaise Pascal  0aPensieri, opuscoli, lettere a1a ed. (v) aMilanobRusconic1978 a882 p. c22 cm aClassici del pensiero: III. Filosofia moderna aEdizioni San Paolo srl - Piazza Soncino, 5 - 20092 CINISELLO BALSAMO (MI) (non commercial uses only) ® Copyright 2018 aAdriano Bausola (intr. e note) aAdriano Bausola aRemo Tapellag(traduzione)